[Event "EU-ch 3rd"]
[Site "Batumi"]
[Date "2002.06.18"]
[Round "7"]
[White "Krasenkow, Michal"]
[Black "Velicka, Petr"]
[Result "1-0"]
[WhiteElo "2641"]
[BlackElo "2437"]
[Annotator "Kapengut"]
[PlyCount "97"]
[EventDate "2002.06.12"]
[EventType "swiss"]
[EventRounds "13"]
[EventCountry "GEO"]
[SourceTitle "CBM 090"]
[Source "ChessBase"]
[SourceDate "2002.09.20"]
[SourceVersion "1"]
[SourceVersionDate "2002.09.20"]
[SourceQuality "1"]

1. d4 Nf6 2. c4 c5 3. d5 e6 4. Nc3 exd5 5. cxd5 d6 6. e4 g6 7. h3 Bg7 8. Nf3
O-O 9. Bd3 b5 {It is the popular main line these days with a complex
middlegame position.} 10. Bxb5 Nxe4 11. Nxe4 Qa5+ 12. Nfd2 Qxb5 13. Nxd6 Qa6
14. N2c4 Nd7 15. O-O Nb6 16. Nxb6 Qxb6 17. Nxc8 Raxc8 18. Re1 {Current opening
theory has more and more forced lines, which after forced play lead directly
into an _|_. This variation is one of them, there is no middlegame.} (18. Rb1)
(18. Qb3) (18. Bg5) (18. Qc2) (18. Qf3) 18... Bd4 {[%csl Rb2,Rd5,Rf2][%cal
Gb6g1]} (18... Rfd8 $6 19. Bg5 $5 (19. Bf4 Qb7 20. d6 Bf8 21. Qd3 Bxd6 $5 22.
Bxd6 Rc6 23. Rad1 Qd7 24. Qa3 (24. Qg3 $5 Rxd6 25. Rxd6 Qxd6 26. Re8+ Kg7 27.
Qc3+ f6 28. Rxd8 Qxd8 29. Qxc5 $16) 24... Rxd6 25. Rxd6 Qxd6 26. Qxa7 Qd4 (
26... Qd2 27. Qe7 Ra8 28. a3 $16) 27. Qe7 Ra8 28. a3 Rb8 29. b4 $6 (29. Re5 $5
{[%csl Rc5]}) 29... Qd3 $6 (29... cxb4 30. Qc7 Rf8 $11) 30. Rc1 Qxa3 31. Rxc5
Qa1+ 32. Kh2 Qd4 33. b5 Qf4+ 34. Kg1 Ra8 35. Qe1 Qd4 36. Rc1 Rb8 37. Rb1 $16 {
Seres,L-Vajda,S/Budapest 2001}) 19... Rd7 (19... f6 $6 20. Bf4 Qxb2 21. d6 Rd7
22. Qd5+ Kh8 23. Rab1 Qd4 24. Qe6 Rcd8 25. Qxd7 $1 $18 {Campos,J-Martin,A/
Barcelona 1994}) 20. Qa4 $1 Qb7 $5 {[%csl Rd5]} (20... Qd6 $6 21. Rad1 Bd4 22.
b4 $1 $16 {[%csl Rd4,Gd5]} (22. Be3 $2 Qxd5 23. b4 Rcd8 24. bxc5 {Sapis,
W-Skrobek,R/Bielsko Biala 1990} Qxc5 25. Rc1 Qb6 26. Rc8 Kg7 $11)) 21. Rad1 (
21. d6 Rxd6 22. Re8+ Bf8 23. Bh6 Rdd8 24. Rae1 Qb4 25. Qxb4 cxb4 26. Rxd8 Rxd8
27. Be3 {1/2-1/2 Granados Gomez,M-Braga,F/Benasque op 1999}) 21... h6 (21...
Bd4 22. b4 Qxd5 23. bxc5 Rxc5 {1/2-1/2 Vescovi,G-Hoffman,A/Aracatuba 1998}) 22.
Bh4 Rxd5 23. Rxd5 Qxd5 24. Re8+ $6 Rxe8 25. Qxe8+ Kh7 26. b3 c4 $1 $17 {
[%csl Ra2,Rh4] Cruz,C-Reinoso,S/Lima 2002}) (18... c4 {Stohl: 'Not ideal, as
now White retains an advantage.'} 19. Re2 {/\ 20.Be3; 1/2-1/2 Delabie,
J-Polaczek,R,Belgian Invitational Tn CCYB 5/38 1991'} (19. d6 $140 $2 Bd4 {
[%csl Rd6,Rf2]}) 19... Rfd8 (19... Bd4 $1 20. Be3 (20. Rd2 $5 Bg7 21. Re2 Bd4
$11) 20... Bxe3 21. fxe3 Rfe8 22. Qd2 $14 {[%csl Rb2,Gc4,Gd5,Re3] Delabie,J}) (
19... c3 $143 20. bxc3 Bxc3 21. Be3 $16 {[%csl Gd5] /\Rc1}) 20. Bg5 Rd7 (20...
f6 $2 21. Be3 $16 {[%csl Rg7][%cal Gb3g8]}) 21. Qe1 $142 $5 {[%cal Ge2e8]} (21.
Qa4 Qb7 (21... Rxd5 $2 22. Re8+ Rxe8 23. Qxe8+ Bf8 24. Be7 $18) 22. Rc1 (22.
Rae1 h6 23. Bc1 Kh7 $5 $14 (23... Qxd5 24. Rd2 Bd4 25. Red1 Qe6 $1 {[%csl Rc1]
[%cal Ge6e1]} 26. b3 $1 $16)) 22... h6 23. Be3 Rxd5 (23... Qxd5 $5 24. Rd2 Qxd2
25. Bxd2 Rxd2 $14 {[%csl Rb2,Rf2][%cal Gd2a2,Gd2g2]}) 24. Rxc4 Rxc4 25. Qxc4
Bxb2 26. Bxh6 (26. Rxb2 $4 Rd1+ $19) 26... Bf6 $16 {White has an extra pawn
and although his technical task is not easy, he can torture his opponent
practically forever. Krasenkow,M-Gdanski,J/Warsaw 2001}) 21... Bf8 (21... Qb8
22. Bf4 $1 {[%csl Rd7]} Qa8 23. d6 $16) (21... Qb7 22. Re8+ Bf8 23. Bh6 Rdd8
24. Rxf8+ Rxf8 25. Qc3 $1 $18) 22. Rd1 $16) (18... Rfe8 19. Rxe8+ Rxe8 20. Be3
(20. Rb1 $5) 20... Bd4 $5 {[%cal Gb6f2]} (20... Qxb2 $6 {is too hasty:} 21. Rb1
Qxa2 22. Bxc5 {[%csl Gd5] +/= Sapis,W} Bc3 23. Qd3 Qxb1+ 24. Qxb1 Re1+ 25. Qxe1
Bxe1 26. Kf1 Ba5 27. Bxa7 Kf8 28. Ke2 Ke7 29. Bc5+ Kd7 30. Ke3 h5 (30... Bc7
31. f4 h5 32. f5 $16 {Kingso,S-Koehler,D/cr VI-BSTT/5 1993}) 31. Kf4 Bd2+ 32.
Ke5 Bg5 33. f4 Bh4 34. f5 $16 {Skalik,P-Robak,Z/ch Bielsko Biala 1991}) 21. Qb3
(21. Qd2 Rd8 22. Rd1 {1/2-1/2 Hauchard,A-Degraeve,J/Belfort 1998}) 21... Qxb3
22. axb3 Bxe3 23. fxe3 Rxe3 $11 {[%csl Ra7,Rb2,Rb3,Rc5,Gd5] Lauber,A-Kotsur,P/
Hamburg 2001}) 19. Qf3 $146 (19. Bh6 Qxb2 20. Qf3 Rfe8 $11) ({In my article in
"New in chess" Yearbook 28 p198 I had recommended:} 19. Rb1 $5 Rfd8 20. Qf3 {
[%cal Gc1g5,Ge1e7] /\Bg5,Re7} Qf6 $1 $11) 19... c4 (19... Rfd8 $6 20. Bg5 Rd7
21. Re2 Qd6 22. Rae1 f6 23. Bh6 $14 {[%csl Rg8]}) ({Black's task is not so
simple, although with accurate play he should be able to save the game.} 19...
Rfe8 $5 20. Bg5 Bxb2 21. Rab1 Qd6 $1 {[%csl Re1]} 22. Rxe8+ Rxe8 23. Bf4 Qf6
$11) 20. Bh6 (20. Re2 Rfe8 21. Be3 Bxe3 22. fxe3 f5 23. g4 (23. Rc1 Re4 24. g4
Rce8 $11 {[%csl Re3,Rf5][%cal Gb6g1]}) 23... fxg4 24. hxg4 Qc5 $14 {[%csl Rd5]}
) 20... Bxb2 21. Bxf8 $16 Kxf8 (21... Bxa1 22. Be7 $1 Bg7 23. d6 Qb5 24. Bf6
$16 {[%csl Gd6,Rf7][%cal Ge1e7]} Qb4 (24... c3 $140 $6 25. Bxc3 $1 Rxc3 (25...
Bxc3 26. Re7 Qb1+ 27. Kh2 Qf5 28. d7 $18) 26. Qa8+ Bf8 27. Re8 Rc1+ 28. Kh2 Kg7
29. Rxf8 Qe5+ 30. g3 Qxd6 31. Rg8+ Kh6 32. Qxa7 $18 {[%csl Rc1,Rf7,Rh6][%cal
Ga7e3]}) 25. Rd1 Bxf6 26. d7 Rd8 27. Qxf6 Qa5 28. Rb1 $16 {[%csl Gd7,Rg8]}) 22.
Re6 $1 Bxa1 $8 (22... Qb4 $140 $2 23. Rae1 $18 {[%cal Ge6e7]}) 23. Rxb6 axb6
24. d6 Rd8 25. Qc6 Bf6 (25... Be5 26. Qxb6 Rxd6 27. Qc5 {[%csl Ga2,Rc4,Rd6,Re5]
} f6 28. Kf1 c3 29. f4 Bxf4 30. Qxc3 $18) 26. Qxb6 c3 27. a4 $18 {[%csl Ga4,
Gd6]} Kg7 28. g3 h5 29. Kg2 c2 30. Qc6 Rxd6 31. Qxc2 Ra6 32. Qc4 Ra5 33. Qb4
Bd8 34. Qd4+ Bf6 35. Qd7 Be5 36. Kf3 Bf6 37. Ke3 Re5+ 38. Kd3 Rf5 39. Qa7 h4
40. a5 hxg3 41. fxg3 Rf3+ 42. Kc4 Rxg3 43. a6 Rxh3 44. Qd7 Rc3+ 45. Kb4 Rc1 46.
a7 Rb1+ 47. Kc4 Rc1+ 48. Kb3 Ra1 49. Qa4 1-0

[Event "EU-ch 3rd"]
[Site "Batumi"]
[Date "2002.06.21"]
[Round "9"]
[White "Shengelia, Davit"]
[Black "Ehlvest, Jaan"]
[Result "1-0"]
[WhiteElo "2415"]
[BlackElo "2588"]
[Annotator "Kapengut"]
[PlyCount "53"]
[EventDate "2002.06.12"]
[EventType "swiss"]
[EventRounds "13"]
[EventCountry "GEO"]
[SourceTitle "CBM 090"]
[Source "ChessBase"]
[SourceDate "2002.09.20"]
[SourceVersion "1"]
[SourceVersionDate "2002.09.20"]
[SourceQuality "1"]

1. d4 Nf6 2. Nf3 e6 3. c4 c5 4. d5 d6 5. Nc3 exd5 6. cxd5 g6 7. h3 a6 8. a4 Bg7
9. e4 O-O 10. Bd3 Nh5 11. O-O Nd7 12. Be3 Re8 {In this variation White tries
to take space advantage without any counterplay.} 13. Qd2 $6 ({More often met} 
13. Re1 $5 {when White prepares a breakthrough in the centre.} Ne5 (13... Qe7
$6 14. Nd2 {[%cal Gd2c4]} Ne5 15. Be2 {[%cal Gd1h5]} Nf6 16. f4 Ned7 17. Bf3
Rb8 $14 {[%csl Rd6][%cal Gd2c4,Ga4a5,Ge4e5] Sasata,R-Hameister,R/IECG 1999}) (
13... Rb8 14. Rc1 (14. Qd2) 14... Ne5 15. Be2 Nxf3+ (15... Qf6 $5 $132 {
[%cal Gg7b2]}) 16. Bxf3 b5 (16... Nf6 $6 17. Bf4 {[%cal Ge4e5,Gf4b8] '/\e5|^'
Chernin,A} b5 18. axb5 axb5 19. e5 $1 dxe5 20. Bxe5 Rb6 21. d6 Bb7 22. Bxb7
Rxb7 23. Qf3 Rb6 24. Rcd1 $16 {A.K.}) (16... Qh4 $142 $5) 17. axb5 axb5 18. b4
$1 cxb4 19. Na2 $1 {[%cal Ga2b4,Gb4c6]} b3 (19... Qa5 20. Qd2 $16 {[%csl Ra5]
[%cal Gd2a5]}) 20. Qxb3 Qh4 $5 (20... Qf6 21. Bxh5 gxh5 22. Nb4 $1 {[%cal
Gb4c6] Chernin,A-Minasjan,A/Lvov 1990}) 21. Bxh5 gxh5 (21... Qxh5 $6 22. Bf4
$16) 22. Nb4 $5 $14) 14. Be2 (14. Nxe5 Bxe5 $13 15. Qd2 Qh4 $13) 14... Nxf3+
15. Bxf3 Nf6 (15... Re5 16. g4 $5 Nf6 17. Bg2 Re8 18. Bf4 Qb6 (18... Nd7 $5 {
[%csl Rb2,Rd6][%cal Gf4d6,Gd8b6]} 19. Bxd6 $140 $6 Qb6 $5) 19. a5 Qd8 20. Qd2
h5 21. g5 Nh7 22. Na4 Be5 23. Be3 Rb8 24. Nb6 $16 f6 $2 25. f4 $18 {[%csl Re5]
Stimpel,F-Hausknecht,M/Bruchkoebel 1993}) (15... Qh4 16. Qd2 $14 {[%csl Rh4]
[%cal Ge3g5]}) 16. Bf4 Nd7 $5 17. Bxd6 $1 (17. Qd2 Ne5 18. Be2 Bd7 (18... f5
$13) 19. Bh2 g5 20. f4 $5 $13) 17... Qb6 18. e5 $1 (18. Bf4 $2 Qxb2 $17) 18...
Nxe5 19. Bxe5 Rxe5 $5 (19... Bxe5 20. a5 $1 Qd8 (20... Qxb2 21. Na4 $44 {
[%csl Rb2][%cal Ga4b6]}) 21. d6 $1 {[%csl Gd5][%cal Gc3d5,Gd5e7,Gd5c7,Gd5b6]} (
21. Ne4 $6 Bxb2 22. Ra2 Bd4 $17 {[%cal Gc8f5]}) (21. Qb3 {Kortschnoj /\ 22.Ne4
was worth a consideration.}) 21... Re6 $1 (21... Bd4 $2 22. Rxe8+ Qxe8 23. Nd5
$16) 22. Qb3 $1 {[%cal Gb3g8]} (22. Bd5 Bxc3 $1 23. bxc3 Rxd6 24. Qa4 Bd7 25.
Qb3 $13 {[%csl Rb7,Rf7]}) 22... Qxd6 (22... Bxd6 $6 23. Rxe6 Bxe6 (23... fxe6
24. Rd1 $16) 24. Qxb7 $16 {[%csl Ra6,Rc5]}) 23. Bd5 (23. Rad1 Bd4) 23... Re7 (
23... Bxc3 24. Bxe6 Bxe1 25. Bxf7+ $14 {Kortschnoj}) 24. Ne4 Qc7 25. Ng5 {
Polgar,Zsu-Yudasin,L/Pamplona 1991} Bd4 26. Rxe7 Qxe7 27. Nxf7 Kg7 28. Qb6 Bf5
29. Nd6 Rf8 $132 {[%csl Rb7,Rf2]}) 20. Rxe5 (20. a5 $2 Qxb2 $17) 20... Bxe5 21.
Qe2 {this variation would not bring a relief to black.} f6 $8 (21... Qd6 22.
Ne4 $16 Qxd5 $2 23. Nf6+ $18) 22. a5 $1 (22. d6 Be6 $1 $11) 22... Qc7 23. Qc4
$1 (23. d6 Qxd6 24. Rd1 Qc7 $13 {<=> ><a5}) 23... Kg7 $8 24. Ne4 Bf5 $11 {
[%csl Rb2,Rc5] Cramling,P-Yudasin,L/Dos Hermanas /1992}) 13... Rb8 {It is
necessary to apply this natural for Modern Benoni manoeuvre assisting to
realize idea of releasing break b5, with care, because of Rb8 frequently gets
under X-ray of Bf4.} 14. Rfe1 (14. a5 Qc7 15. Bh6 b5 16. axb6 Rxb6 17. Bxg7
Kxg7 18. Bc4 Qd8 19. g4 $2 (19. Ra2) 19... Qf6 $1 {[%csl Rf3]} 20. Kg2 Ne5 21.
Nxe5 Nf4+ 22. Kg3 dxe5 23. f3 h5 $17 {[%csl Rb2,Gf4,Rg3] Cvek,R-Sadvakasov,D/
Guarapuava 1995}) (14. Rab1 {[%cal Gb2b4] /\b4} Qa5 (14... Ne5 15. Be2 Nf6 16.
b4 cxb4 17. Rxb4 Qa5 18. Rfb1 Nxf3+ 19. Bxf3 Nd7 20. Ba7 Ra8 21. Bd4 Nc5 22.
Bxg7 Kxg7 23. Qd4+ f6 24. Rb6 $16 {[%csl Rb7,Rd6] Grabarczyk,M-Lachowski,A/
Warszawa 1997}) 15. Rfc1 Ne5 16. Be2 Nd7 (16... Nxf3+ $6 17. Bxf3 Nf6 18. Bf4
$1 $16 {[%csl Rb8,Rd6][%cal Gf4b8]}) 17. Qc2 {[%csl Ra5,Rd6][%cal Gf3d2,Gd2c4]
/\Nd2} Qd8 18. Bg5 (18. g4 Nhf6 19. Nd2 h5 20. g5 Nh7 21. h4 f6 $132) 18... Bf6
19. Bh6 Bg7 20. Bxg7 Kxg7 21. b4 Nf4 22. Bf1 Qf6 23. Qd1 cxb4 24. Rxb4 Nc5 $6 (
24... Ne5 $5 $132) 25. Rc4 Nd7 26. Qd4 Ne5 27. Nxe5 Rxe5 28. Ne2 Nxe2+ 29. Bxe2
Bd7 30. Rc7 $14 {[%csl Rb7,Rd7][%cal Gc1c8] Giorgadze,G-Stein,B/Gausdal 1992})
14... Ne5 (14... Qe7 $6 15. g4 Nhf6 16. Bf4 Ne5 17. Nxe5 dxe5 18. Bg5 Qd6 19.
f4 (19. a5 $5) 19... Nd7 20. f5 c4 21. Bf1 b5 22. axb5 axb5 23. Be3 Nc5 24. Qf2
Bf8 25. Ra7 b4 26. Ra5 $1 Nb3 27. Nb5 Qd8 28. Ra7 $1 $16 {[%csl Rf7][%cal
Ga7f7,Gf2f7] Mueller A-Hausmann I /1996}) (14... Qc7 $6 15. Bh6 Ne5 16. Be2
Nxf3+ 17. Bxf3 Re5 18. Bxg7 Nxg7 19. Be2 g5 (19... f5 $5) 20. f4 gxf4 21. Rf1
Qe7 22. Rxf4 Bd7 23. Raf1 Rf8 24. a5 f6 25. Bg4 $1 $14 {Lukov,V-Kovacevic,S/St
Quentin 1999}) 15. Be2 Nxf3+ 16. Bxf3 b5 $5 {Black agrees to corrupt his pawn
structure in order to play a quick b5.} (16... Nf6 $6 17. Bf4 b5 18. e5 $5 dxe5
19. Bxe5 Ne4 $5 (19... Rb6 $140 $6 20. Qf4 $16 {[%cal Ge5c7]}) 20. Nxe4 Rxe5
21. Nxc5 bxa4 22. Rxe5 Bxe5 23. Nd3 $16 {[%csl Ra4,Gd5]}) 17. axb5 axb5 18.
Bxh5 gxh5 19. Bg5 f6 (19... Qb6 $6 20. Bh6 Bd4 $140 $2 21. Qg5+ Kh8 22. e5 $1
$18) 20. Bh6 Rb7 21. Qf4 Qe7 $6 $16 (21... b4 $5 22. Nb1 f5 $5 23. Bxg7 Rxg7 {
Black was not afraid of doubled pawns as he will have a strong attack because
all of white's pieces are on the queenside doing nothing.} 24. Nd2 Rf8 (24...
fxe4 25. Nxe4 Rf8 26. Qxd6 Bxh3 27. g3 Qxd6 28. Nxd6 h4 29. Ne4 $14) 25. e5 $5
Bb7 $5 {[%csl Rd5,Rg2][%cal Gb7g2]} 26. Qf3 (26. Nc4 $6 Bxd5 27. Ne3 dxe5 28.
Qxe5 Bf3 $13) 26... dxe5 27. Rxe5 Rd7 28. Nf1 Bxd5 $132) 22. Bxg7 Kxg7 23. Re3
Qe5 24. Rg3+ Kh8 25. Qh6 f5 $2 ({The more played alternatives are} 25... b4 26.
f4 $1 Qe7 (26... Qd4+ $140 $6 27. Kh2 h4 (27... bxc3 $4 28. bxc3 $18 {[%csl
Rd4][%cal Gh6f6]}) 28. Qxh4 Rf7 29. Nb5 $18 {[%csl Re4,Re8,Rf7][%cal Gb5d6,
Gd4e4]}) 27. Nd1 Qf8 28. Qxf8+ Rxf8 29. Ne3 $16 h4 (29... Re7 $140 $2 30. Nc4
Rxe4 31. Nxd6 $18 {[%csl Rc8,Rf8][%cal Ga1a8,Ga8h8] /\Ra8}) 30. Rf3 Rd8 31. Nc4
Re7 32. Re3 (32. Ra8 $6 Rxe4 33. Rxc8 Rxc8 34. Nxd6 Rce8 $14) 32... Bb7 33. Nb6
Rde8 34. Ra7 $16) 26. exf5 Qxf5 27. Nxb5 {[%csl Rb7,Re8,Rf5,Rh8][%cal Gb5d6]}
1-0

[Event "FRA-ch"]
[Site "Val d'Isere"]
[Date "2002.08.25"]
[Round "7"]
[White "Lautier, Joel"]
[Black "Vaisser, Anatoli"]
[Result "1-0"]
[WhiteElo "2663"]
[BlackElo "2581"]
[Annotator "Kapengut"]
[PlyCount "55"]
[EventDate "2002.08.19"]
[EventType "tourn"]
[EventRounds "11"]
[EventCountry "FRA"]
[EventCategory "13"]
[SourceTitle "CBM 091"]
[Source "ChessBase"]
[SourceDate "2002.11.12"]
[SourceVersion "1"]
[SourceVersionDate "2002.11.12"]
[SourceQuality "1"]

1. Nf3 e6 2. c4 Nf6 3. d4 c5 4. d5 d6 5. Nc3 exd5 6. cxd5 g6 7. h3 Bg7 8. e4
O-O 9. Bd3 b5 {This sharp continuation leads to interesting complications} 10.
Nxb5 Nxe4 $6 ({In recent years more usual is} 10... Re8 $5) 11. Bxe4 ({If
White does not want to enter theoretical discussions, they play} 11. O-O) 11...
Re8 {More than ten years ago was considered the best, but lately White managed
to create some problems for Black.} (11... Qa5+) (11... Ba6) {White has turned
to the more modern continuation, introduced by Chernin.} 12. Ng5 $1 {[%cal
Gg5e6] /\ Ne6} (12. Nd2 {had been previously popular.}) 12... Bf6 $6 {In this
game Black didn't succeed to develop his pieses without material wastes. As
result, Black have to choose other possibilities:} (12... f5) (12... Bf5) (
12... h6) (12... Qa5+ $5) (12... Ba6 $5) 13. O-O $1 a6 (13... Ba6 14. Bd3 $18)
(13... Bxg5 14. Bxg5 Qxg5 15. Nxd6 Re7 16. Qc1 $1 Qxc1 17. Rfxc1 Nd7 18. Bd3
Rb8 19. Bb5 Bb7 20. b4 $1 $18 {[%csl Rb7,Rd7][%cal Gc1c7]}) 14. Ne6 $1 {
the idea behind 12.Ng5.} fxe6 15. dxe6 axb5 16. Bxa8 Bxe6 17. Bd5 Kg7 18. Bf4 (
18. Bxe6 Rxe6 19. Qb3 Qe8 20. a4 $1 {[%csl Rb8][%cal Ga1a7]} bxa4 21. Rxa4 Nc6
22. Be3 Qf7 23. Qb6 Ne7 (23... Nd4 24. Ra7 Re7 25. Rxe7 Qxe7 26. b4 $1 $18 {
[%csl Rd4][%cal Gb4b5]}) 24. Ra7 h6 25. Bf4 Bd4 26. Bxd6 Bxf2+ 27. Kh1 Qf6 28.
Bxe7 {1-0 Timoshenko,G-Chehlov,A/Yalta 1996}) 18... Bd4 19. Qf3 Qf6 20. Bxd6 ({
more clearly is} 20. Bxe6 $1 Rxe6 21. a4 $1 {[%cal Ga1a8]} bxa4 22. Rxa4 g5 23.
Ra7+ Kf8 24. Ra8 $1 $16) 20... Bxd5 (20... Rd8 {[%csl Rd5,Rd6]} 21. Bxb8 $1 {
have left White with a large material advantage.} (21. Qxf6+ $6 Bxf6 22. Bxe6
Rxd6 23. Rae1 Bxb2 $16) 21... Bxd5 22. Qg3 Bxb2 23. Rad1 c4 (23... Bd4 $140 $4
24. Rxd4 $1 {[%cal Gb8e5]}) 24. Rfe1 $18 {[%cal Gb8e5]}) 21. Qxd5 Rd8 22. Qb7+
Rd7 23. Qxb8 Rxd6 (23... Qxd6 24. Qxb5 Rf7 25. Rae1 Qf4 26. Re2 $18) 24. Qc7+
Kh6 25. Rae1 Re6 26. Rxe6 Qxe6 27. b4 $1 {[%cal Gc7f4]} Qf5 28. Qd6 1-0